Site investigations in areas of mining subsidence (Record no. 94598)
[ view plain ]
| 000 -LEADER | |
|---|---|
| fixed length control field | 01029cam a2200289 4500 |
| 001 - CONTROL NUMBER | |
| control field | D1380 |
| 008 - FIXED-LENGTH DATA ELEMENTS--GENERAL INFORMATION | |
| fixed length control field | 090401t1975 xxu||||| |||| 00| 0 eng d |
| 022 ## - INTERNATIONAL STANDARD SERIAL NUMBER | |
| International Standard Serial Number | 040800164X |
| 035 ## - SYSTEM CONTROL NUMBER | |
| System control number | (Sirsi) u63717 |
| 041 ## - LANGUAGE CODE | |
| Language code of text/sound track or separate title | eng |
| 050 ## - LIBRARY OF CONGRESS CALL NUMBER | |
| Classification number | 624.151 |
| -- | 18 |
| 245 ## - TITLE STATEMENT | |
| Title | Site investigations in areas of mining subsidence |
| 260 ## - PUBLICATION, DISTRIBUTION, ETC. | |
| Place of publication, distribution, etc. | London |
| Name of publisher, distributor, etc. | Newnes-Butterworths |
| Date of publication, distribution, etc. | 1975 |
| 300 ## - PHYSICAL DESCRIPTION | |
| Extent | 168p. |
| Other physical details | ill |
| Dimensions | 24cm |
| 350 ## - PRICE (NR) (BK AM CF MU VM SE) [OBSOLETE] | |
| Price | 5.50 |
| 505 ## - FORMATTED CONTENTS NOTE | |
| Formatted contents note | The character of the coal measures |
| 505 ## - FORMATTED CONTENTS NOTE | |
| Formatted contents note | Field investigation techniques |
| 505 ## - FORMATTED CONTENTS NOTE | |
| Formatted contents note | Geographical methods in site investigations in areas of mining subsidence |
| 505 ## - FORMATTED CONTENTS NOTE | |
| Formatted contents note | Improved geophysical techniques for survey of disturbed ground |
| 505 ## - FORMATTED CONTENTS NOTE | |
| Formatted contents note | Mining subsidence |
| 505 ## - FORMATTED CONTENTS NOTE | |
| Formatted contents note | Characteristics of shallow coal-mine workings and their implications in urban redevelopment areas |
| 505 ## - FORMATTED CONTENTS NOTE | |
| Formatted contents note | Foundations on the coal measures |
| 690 ## - LOCAL SUBJECT ADDED ENTRY--TOPICAL TERM (OCLC, RLIN) | |
| Topical term or geographic name as entry element | BUILT ENVIRONMENT-BUILDING PATHOLOGY-SUBSIDENCE-MINING SUBSIDENCE |
| 700 ## - ADDED ENTRY--PERSONAL NAME | |
| Personal name | Bell, F. G. |
| International Standard Serial Number | Editor |
| 942 ## - ADDED ENTRY ELEMENTS (KOHA) | |
| Suppress in OPAC | 0 |
| 948 ## - LOCAL PROCESSING INFORMATION (OCLC); SERIES PART DESIGNATOR (RLIN) | |
| c (OCLC) | 04/03/1997 |
| Withdrawn status | Lost status | Source of classification or shelving scheme | Damaged status | Not for loan | Home library | Current library | Shelving location | Date acquired | Cost, normal purchase price | Total Checkouts | Full call number | Barcode | Date last seen | Copy number | Cost, replacement price | Price effective from | Koha item type |
|---|---|---|---|---|---|---|---|---|---|---|---|---|---|---|---|---|---|
| Dewey Decimal Classification | London | London | Books | 14/09/1999 | 5.50 | 624.151 SIT | 30017817 | 06/08/2019 | 1 | 5.50 | 06/08/2019 | Book |